|
|
|
|
| LEADER |
01116nam a22002417a 4500 |
| 001 |
40185 |
| 003 |
BD-DhAAL |
| 005 |
20221212164920.0 |
| 008 |
221212b19831968ii ||||| |||| 00| 0 ben d |
| 999 |
|
|
|c 45160
|d 45160
|
| 040 |
|
|
|a BD-DhAAL
|d BD-DhAAL
|
| 041 |
|
|
|a ben
|
| 082 |
|
|
|a 891.44
|2 23
|
| 100 |
|
|
|a আইয়ুব, আবু সয়ীদ
|9 52801
|
| 245 |
|
|
|a আধুনিকতা ও রবীন্দ্রনাথ /
|b আবু সয়ীদ আইয়ুব
|
| 260 |
|
|
|a কলকাতা :
|b দে'জ পাবলিশিং,
|c ১৯৬৮ [পুনমুদ্রণ ১৯৮৩]
|
| 300 |
|
|
|a ৩৪৬ পৃষ্ঠা ;
|c ২২ সে.মি.
|
| 541 |
|
|
|a Donated by Akbar Ali Khan
|e 40185
|
| 600 |
|
|
|a Tagore, Rabindranath,
|d 1861-1941.
|9 52802
|
| 650 |
|
|
|a Bengali literature
|9 52803
|
| 852 |
|
|
|a Ayesha Abed Library
|c Akbar Ali Khan Collection
|
| 942 |
|
|
|2 ddc
|c BK
|
| 952 |
|
|
|0 0
|1 0
|2 ddc
|4 0
|6 891_440000000000000_AYU
|7 1
|9 72466
|a BRACUL
|b BRACUL
|c AAKC
|d 2022-12-12
|e Donated by Akbar Ali Khan
|g 25.00
|l 0
|o 891.44 AYU
|p 3010040185
|r 2022-12-12
|t 1
|v 25.00
|w 2022-12-12
|y BK
|x Price available in book.
|